James and the Giant Peach Companions Quiz Stats

 Plays Quiz Updated Oct 7, 2015

Challenge
Share
Tweet
Embed
Score 0/8 Timer 02:00
0 Plays Today
Answer % Correct
Miss Spider
81.3%
Old Green Grasshopper
72.8%
Ladybird
71.1%
James Henry Trotter
60.6%
Earthworm
59.5%
Centipede
59%
Glowworm
50.2%
Silkworm
34.6%

You're not logged in!

Compare scores with friends on all Sporcle quizzes.
Join for Free
OR
Log In

You Might Also Like...

Show Comments

Extras

Top Quizzes Today


Score Distribution

Your Account Isn't Verified!

In order to create a playlist on Sporcle, you need to verify the email address you used during registration. Go to your Sporcle Settings to finish the process.

Report this User

Report this user for behavior that violates our Community Guidelines.

Details: